000 00315nam a22001457a 4500
003 SGT
020 _a818627055-8
082 _a668.5
_bNAN
100 _aNANDA, SANJU
245 _aCOSMETIC TECHONOLOGY
260 _aINDIA
_bBIRLA PUB.
_c2027
300 _a479
650 _aCOSMETIC TECHONOLOGY
942 _2ddc
_cBK
999 _c33078
_d33078